Key concepts in literary theory (Record no. 221)

MARC details
000 -LEADER
fixed length control field 00616 a2200205 4500
001 - CONTROL NUMBER
control field 066012
003 - CONTROL NUMBER IDENTIFIER
control field OSt
005 - DATE AND TIME OF LATEST TRANSACTION
control field 20210907115100.0
008 - FIXED-LENGTH DATA ELEMENTS--GENERAL INFORMATION
fixed length control field
082 ## - DEWEY DECIMAL CLASSIFICATION NUMBER
Classification number 801.95014
Item number W83K
100 1# - MAIN ENTRY--PERSONAL NAME
Personal name Wolfreys, Julian
245 1# - TITLE STATEMENT
Title Key concepts in literary theory
Statement of responsibility, etc by Julian Wolfreys, Kenneth Womack and Ruth Robbins
250 ## - EDITION STATEMENT
Edition statement 2nd ed.
260 ## - PUBLICATION, DISTRIBUTION, ETC. (IMPRINT)
Place of publication, distribution, etc Edinburgh
Name of publisher, distributor, etc Edinburgh University Press
Date of publication, distribution, etc 2007
300 ## - PHYSICAL DESCRIPTION
Extent 190p.
690 ## - LOCAL SUBJECT ADDED ENTRY--TOPICAL TERM (OCLC, RLIN)
Topical term or geographic name as entry element Criticism; Literature--Theory; Literature; Encyclopedias and dictionaries
700 ## - ADDED ENTRY--PERSONAL NAME
Personal name Womack, Kenneth
700 ## - ADDED ENTRY--PERSONAL NAME
Personal name Robbins, Ruth
942 ## - ADDED ENTRY ELEMENTS (KOHA)
Source of classification or shelving scheme Dewey Decimal Classification
Koha item type Books
Holdings
Withdrawn status Lost status Source of classification or shelving scheme Damaged status Not for loan Collection code Home library Current library Department Date acquired Source of acquisition Coded location qualifier Cost, normal purchase price Inventory number(Invoice/Date) Total Checkouts Full call number Barcode Date last seen Date checked out Price effective from Koha item type Public note
    Dewey Decimal Classification     General Text Book Central University Of Rajasthan Central University Of Rajasthan English 07/03/2012 ENG Rawat Jaip 1105.00 1002/15-03-2010 4 801.95014 W83K 298 10/02/2025 07/02/2025 02/09/2020 Books Routledge, London